<?xml version="1.0" encoding="UTF-8"?>
<collection xmlns="http://www.loc.gov/MARC21/slim">
 <record>
  <leader>02021cam a2200337 a 4500</leader>
  <controlfield tag="001">1/45653</controlfield>
  <controlfield tag="008">141208s2013    enk      b    001 0 eng  </controlfield>
  <datafield tag="020" ind1=" " ind2=" ">
   <subfield code="a">9783642375828</subfield>
  </datafield>
  <datafield tag="035" ind1=" " ind2=" ">
   <subfield code="l">48617</subfield>
  </datafield>
  <datafield tag="040" ind1=" " ind2=" ">
   <subfield code="a">DLC</subfield>
   <subfield code="b">eng</subfield>
   <subfield code="c">DLC</subfield>
   <subfield code="e">rda</subfield>
   <subfield code="d">GR-PeUP</subfield>
  </datafield>
  <datafield tag="082" ind1="0" ind2="0">
   <subfield code="a">621.39΄9 VIS</subfield>
  </datafield>
  <datafield tag="245" ind1="0" ind2="0">
   <subfield code="a">Visual analytics of movement /</subfield>
   <subfield code="c">Gennady Andrienko, Natalia Andrienko, Peter Bak, Daniel Keim, Stefan Wrobel.</subfield>
  </datafield>
  <datafield tag="260" ind1=" " ind2="1">
   <subfield code="a">Berlin ;</subfield>
   <subfield code="a">Heidelberg :</subfield>
   <subfield code="b">Springer-Verlag,</subfield>
   <subfield code="c">2013.</subfield>
  </datafield>
  <datafield tag="300" ind1=" " ind2=" ">
   <subfield code="a">xviii, 387 σ. :</subfield>
   <subfield code="b">εικ. ;</subfield>
   <subfield code="c">23 εκ.</subfield>
  </datafield>
  <datafield tag="500" ind1=" " ind2=" ">
   <subfield code="a">Περιέχει βιβλιογραφία και ευρετήριο.</subfield>
  </datafield>
  <datafield tag="500" ind1=" " ind2=" ">
   <subfield code="a">Περιεχόμενα: Conceptual framework - Transformations of movement data - Visual analytics infrastructure - Visual analytics focusing on movers - Visual analytics focusing on spatial events - Visual analytics focusing on space - Visual analytics focusing on time - Discussion and outlook.</subfield>
  </datafield>
  <datafield tag="500" ind1=" " ind2=" ">
   <subfield code="a">Περίληψη: This chapter provides an informal introduction of the main concepts related to analysis of movement. The concepts are introduced by illustrated examples, which also demostrate some techniques that may be used for visual exploretion and analysis of movement data. The exaples show how the capabilities of the computer and human can be combined to extract knowledge from movement data. This sets the stage for introducing the concept of visual analytics. The chapter also explains the objectives and the structure of the book.</subfield>
  </datafield>
  <datafield tag="650" ind1=" " ind2="4">
   <subfield code="a">Data mining (Computer science).</subfield>
  </datafield>
  <datafield tag="650" ind1=" " ind2="4">
   <subfield code="a">Data base management.</subfield>
  </datafield>
  <datafield tag="650" ind1=" " ind2="4">
   <subfield code="a">Pattern recognition.</subfield>
  </datafield>
  <datafield tag="650" ind1=" " ind2="4">
   <subfield code="a">Pattern perception.</subfield>
  </datafield>
  <datafield tag="650" ind1=" " ind2="4">
   <subfield code="a">Movement</subfield>
   <subfield code="x">Analysis.</subfield>
  </datafield>
  <datafield tag="650" ind1=" " ind2="4">
   <subfield code="a">Visual analytics.</subfield>
  </datafield>
  <datafield tag="650" ind1=" " ind2="4">
   <subfield code="a">Information visualization.</subfield>
  </datafield>
  <datafield tag="700" ind1="1" ind2=" ">
   <subfield code="a">Andrienko, Gennady.</subfield>
  </datafield>
  <datafield tag="700" ind1="1" ind2=" ">
   <subfield code="a">Andrienko, Natalia.</subfield>
  </datafield>
  <datafield tag="700" ind1="1" ind2=" ">
   <subfield code="a">Bak, Peter.</subfield>
  </datafield>
  <datafield tag="700" ind1="1" ind2=" ">
   <subfield code="a">Keim, Daniel.</subfield>
  </datafield>
  <datafield tag="700" ind1="1" ind2=" ">
   <subfield code="a">Wrobel, Stefan.</subfield>
  </datafield>
  <datafield tag="852" ind1=" " ind2=" ">
   <subfield code="a">INST</subfield>
   <subfield code="b">UNIPILB</subfield>
   <subfield code="c">MAIN</subfield>
   <subfield code="e">20141208</subfield>
   <subfield code="h">621.39΄9 VIS</subfield>
   <subfield code="p">00172348</subfield>
   <subfield code="q">00172348</subfield>
   <subfield code="t">LOAN</subfield>
   <subfield code="y">0</subfield>
   <subfield code="4">1</subfield>
  </datafield>
  <datafield tag="856" ind1="4" ind2=" ">
   <subfield code="d">/webopac/covers/03/48617_9783642375828.jpg</subfield>
  </datafield>
 </record>
</collection>
